000 02228nam0a2200397 4500
001 RU\NLR\BIBL_A\011713276
005 20230116143806.0
010 _a978-5-91883-299-8
_9500
021 _aRU
_bКН-П-18-030206
_9КН-П-18-2201
035 _a(NLR Aleph) 011713276
035 _a(RuMoRGB)009614484
090 _a11444655
_c11444655
100 _a20180525d2017 d y0rusy50 ca
101 0 _arus
102 _aRU
105 _aac||z|||000zc
200 1 _aГеоргиевская слава Кубани
_iПо заветам воинской доблести
_eофицеры Кубанского казачьего войска и Черкесского конного полка - кавалеры ордена Святого Георгия в годы Первой мировой войны
_f[В. А. Тимофеев и др.
_gнаучный редактор, автор вступительной статьи: А.А. Зайцев]
210 _aКраснодар
_cТрадиция
_d2017
215 _a141, [2] с.
_cил., табл., портр.
_d29
333 _a12+
601 0 2 _aЧеркесский конный полк
601 0 2 _aКубанское казачье войско
_xУчастие в Первой мировой войне
_z1914 - 1918
_92226407
_3RU\NLR\AUTH\661336542
606 1 _aКавалеры ордена Святого Георгия Победоносца
_yКубанская область
_92216774
_3RU\NLR\AUTH\6601564803
686 1 _aЦ35(2)523-59-21
686 1 _aЦ4,8(2)243д(2Р-8Куб)
702 1 _4220
_7ca
_8rus
_aТимофеев
_bВ. А.
_cбизнесмен, краевед
_f1946-
_gВиктор Антонович
_9190632
_3RU\NLR\AUTH\770190683
702 1 _4340
_7ca
_8rus
_aЗайцев
_bА. А.
_cд-р ист. наук
_gАндрей Алексеевич
_980585
_3RU\NLR\AUTH\7797659
711 0 2 _aКубанское казачье войско
_9444508
_3RU\NLR\AUTH\889973870
711 0 2 _aЧеркесский конный полк
_9609765
_3RU\NLR\AUTH\880474118
942 _cBOOK
980 _aNBR
980 _aNB